[Event "Prague Summer op-A 10th"]
[Site "Prague"]
[Date "2023.08.04"]
[Round "1"]
[White "Bernhard, Simon"]
[Black "Pulpan, Jakub"]
[Result "0-1"]
[WhiteElo "1942"]
[BlackElo "2417"]
[PlyCount "56"]
[EventDate "2023.08.04"]
[EventType "swiss"]
[EventRounds "9"]
[EventCountry "CZE"]
[SourceTitle "CBM 215 Extra"]
[Source "ChessBase"]
[SourceDate "2023.09.30"]
[SourceVersion "1"]
[SourceVersionDate "2023.09.30"]
[SourceQuality "1"]

1. e4 c5 2. Nf3 Nf6 3. Nc3 d5 4. e5 Ne4 5. Bb5+ Nc6 6. Qe2 Nxc3 7. dxc3 Qc7 8. Bf4 a6 9. Bxc6+ Qxc6 10. 0-0 h6 11. Rad1 Bf5 12. b4 e6 13. c4 dxc4 14. bxc5 Bxc5 15. Nd4 Bxd4 16. Rxd4 Rc8 17. Rfd1 c3 18. Bg3 0-0 19. Bh4 Rfe8 20. Qe3 Bxc2 21. Bf6 Qc5 22. Bxg7 Kxg7 23. Rg4+ Bg6 24. Qf4 Qe7 25. h4 c2 26. Rc1 h5 27. Rg3 Red8 28. Qf3 Qxh4 0-1